Представление документа в формате RUSMARC

ПолеНазваниеЗначение
  Тип записи a
  Библиографический уровень m
001 Контрольный номер RU\NLR\BIBL_A\011861310
005 Дата корректировки 20230707133310.0
010 Индекс ISBN __
a ISBN 978-5-04-096931-9
9 Тираж 10000
d Цена 320-76
021 № государственной регистрации __
a Код страны RU
b № документа 2018-78071
035 Другие системные номера __
a Идентификатор записи (RuMoRGB)009776941
100 Данные общей обработки __
a Данные общей обработки 20181113d2019 e y0rusa0189 ca
101 Язык документа 1_
a Язык текста rus
c Язык оригинала eng
102 Страна публикации __
a Страна публикации RU
105 Кодированные данные (монография) __
a Кодированные данные (монография) y|||zzzz000аy
200 Заглавие и сведения об ответственности 1_
a Заглавие Ученица
e Сведения, относящиеся к заглавию предать, чтобы обрести себя
f Первые сведения об ответственности Тара Вестовер
g Последующие сведения об ответственности [перевод с английского Т. О. Новиковой]
d Параллельное заглавие Educated
z Язык параллельного заглавия eng
210 Выходные данные 1_
a Место издания Москва
c Издательство Бомбора™
c Издательство Эксмо
d Дата издания 2019
215 Физическое описание __
a Объем 475 с.
d Формат 21
333 Примечание о целевом назначении __
a Примечание о целевом назначении 16+
606 Тематические рубрики __
a Основная рубрика Художественная литература
606 Тематические рубрики __
a Основная рубрика Литература Америки (произведения)
610 Ключевые слова 0_
a Ключевые слова американская литература
a Ключевые слова романы
686 Индексы других классификаций __
a Индекс ББК 84(7Сое)6-4
v Номер издания LBC/SL
2 Код системы rubbk
700 Автор _1
a Фамилия Вестовер
b Имя Т.
g Полное личное имя Тара
f Даты 1986-
801 Источник записи _0
a Страна RU
b Организация NLR
c Дата составления 20181113
g Правила каталогизации RCR
801 Источник записи _1
a Страна RU
b Организация NLR
c Дата составления 20181113
2 Код формата rusmarc
801 Источник записи _2
a Страна RU
b Организация NLR
c Дата составления 20181127
2 Код формата rusmarc
801 Источник записи _1
a Страна RU
b Организация Центральная районная библиотека им. Г. А. Пирожникова
852 Данные о местонахождении __
j Шифр хранения 84(7Сое)6
i Авторский знак В 387
901 Тип документа __
t Тип документа m
902 Роль лиц __
b Редактор БЗ ОКиО/Шумских